| 000 | 01319cam a2200301 i 4500 | ||
|---|---|---|---|
| 003 | SA-RiAUC | ||
| 005 | 20241209140710.0 | ||
| 008 | 241207s1998 su g 00010 ara c | ||
| 040 |
_aSA-RiAUC _bara _cSA-RiAUC _erda |
||
| 082 | 0 | 4 |
_a257.5 _qSA-RiAUC |
| 090 |
_a255.5 _bا ب ن د |
||
| 100 | 1 |
_aابن دهيش، عبد الله بن عمر بن عبد الله، _d1320-1406 هجري _eمؤلف. |
|
| 245 | 1 | 0 |
_aكتاب القضاء / _cعبد الله بن عمر بن دهيش. |
| 246 | 3 | 0 | _aالقضاء |
| 250 | _aالطبعة الأولى. | ||
| 264 | 1 |
_aمكة المكرمة : _aبيروت : _bمكتبة ومطبعة النهضة الحديثة ؛ _bدار خضر للطباعة، _c1998 |
|
| 300 |
_a138 صفحة ؛ _c24 سم. |
||
| 336 |
_aنص _btxt _2rdacontent _3كتاب |
||
| 337 |
_aبدون وسيط _bn _2rdamedia |
||
| 338 |
_aمجلد _bnc _2rdacarrier |
||
| 490 | 0 |
_aسلسلة مؤلفات عبد الله بن عمر بن دهيش ؛ _v5 |
|
| 500 | _aطبع على نفقة ابنه عبد الملك بن دهيش. | ||
| 650 | 7 |
_aالقضاء في الإسلام _2aucsh |
|
| 650 | 7 |
_aالإسلام _xجوانب سياسية _2aucsh |
|
| 830 | 0 |
_aسلسلة مؤلفات عبد الله بن عمر بن دهيش _v5 |
|
| 942 |
_2ddc _cBOOK _n0 |
||
| 949 |
_aSA-JeALM _d241207 _uosman123 _n1 |
||
| 999 |
_c3186 _d3186 |
||